Statistics for Capitals with the Most Percentage of Country's Population

Click here to take the quiz!

General Stats

  • This quiz has been taken 43 times
  • The average score is 10 of 20

Answer Stats

PercentageCountry% Correct
34.78%Kuwait
84%
66.85%Qatar
70%
35.60%Iceland
62%
54.45%Djibouti
57%
35.42%Latvia
57%
36.59%St. Vincent and the Grenadines
57%
65.97%Bahamas
54%
33.22%Estonia
54%
38.40%St. Lucia
54%
40.21%Uruguay
54%
39.06%Barbados
49%
35.25%Lebanon
49%
32.86%Seychelles
49%
36.29%Armenia
46%
48.26%Marshall Islands
46%
45.48%Tuvalu
43%
40.26%Jordan
41%
47.13%Suriname
38%
33.28%Gabon
27%
39.19%Congo
19%

Score Distribution

Percentile by Number Answered

Percent of People with Each Score

Your Score History

You have not taken this quiz